| 000 | 01248pam a2200325 a 4500 | ||
|---|---|---|---|
| 999 |
_c17138 _d17138 |
||
| 008 | 980813s1998 nyua 000 0 eng | ||
| 010 | _a 98041433 | ||
| 020 | _a0786864559 | ||
| 050 | 0 | 0 | _aND237.M2458 A4 1998 |
| 100 | 1 | _aMarschall, Ken. | |
| 240 | 1 | 0 | _aArt of Titanic |
| 245 | 1 | 0 |
_aKen Marschall's art of Titanic / _cforeword by James Cameron ; text by Rick Archbold. |
| 246 | 3 | 0 | _aArt of Titanic |
| 260 |
_aNew York : _bHyperion, _c1998. |
||
| 300 |
_a159 p. : _bcol. ill. ; _c29 x 31 cm. |
||
| 600 | 1 | 0 | _aMarschall, Ken. |
| 610 | 2 | 0 | _aTitanic (Steamship) in art. |
| 700 | 1 | _aArchbold, Rick, | |
| 856 | 4 | 2 |
_3Publisher description _uhttp://www.loc.gov/catdir/enhancements/fy1309/98041433-d.html |
| 942 |
_2lcc _cBOOKS _hND237.M2458 A4 1998 |
||